<?xml version="1.0" encoding="UTF-8"?>
<record
    xmlns:xsi="http://www.w3.org/2001/XMLSchema-instance"
    xsi:schemaLocation="http://www.loc.gov/MARC21/slim http://www.loc.gov/standards/marcxml/schema/MARC21slim.xsd"
    xmlns="http://www.loc.gov/MARC21/slim">

  <leader>00525nam a22001577a 4500</leader>
  <controlfield tag="005">20250124100451.0</controlfield>
  <controlfield tag="008">250124b        |||||||| |||| 00| 0 eng d</controlfield>
  <datafield tag="020" ind1=" " ind2=" ">
    <subfield code="a">9780763738471</subfield>
  </datafield>
  <datafield tag="050" ind1=" " ind2=" ">
    <subfield code="a">RA785</subfield>
    <subfield code="b">.S434</subfield>
  </datafield>
  <datafield tag="100" ind1=" " ind2=" ">
    <subfield code="a">Seaward, Brian Luke</subfield>
  </datafield>
  <datafield tag="245" ind1=" " ind2=" ">
    <subfield code="a">Managing Stress/</subfield>
    <subfield code="b">principles and strategies for health and well-being; student note-taking guide to accompany</subfield>
  </datafield>
  <datafield tag="250" ind1=" " ind2=" ">
    <subfield code="a">5th ed.</subfield>
  </datafield>
  <datafield tag="260" ind1=" " ind2=" ">
    <subfield code="a">Sudbury, Massachusetts</subfield>
    <subfield code="b">Jones and Bartlett Publishers</subfield>
    <subfield code="c">2006</subfield>
  </datafield>
  <datafield tag="300" ind1=" " ind2=" ">
    <subfield code="a">v. 198p.</subfield>
    <subfield code="c">27.5cm</subfield>
  </datafield>
  <datafield tag="942" ind1=" " ind2=" ">
    <subfield code="2">lcc</subfield>
    <subfield code="c">BK</subfield>
    <subfield code="e">5th ed.</subfield>
    <subfield code="n">0</subfield>
  </datafield>
  <datafield tag="999" ind1=" " ind2=" ">
    <subfield code="c">2964</subfield>
    <subfield code="d">2964</subfield>
  </datafield>
  <datafield tag="952" ind1=" " ind2=" ">
    <subfield code="0">0</subfield>
    <subfield code="1">0</subfield>
    <subfield code="2">lcc</subfield>
    <subfield code="4">0</subfield>
    <subfield code="7">0</subfield>
    <subfield code="8">NFIC</subfield>
    <subfield code="a">MSL</subfield>
    <subfield code="b">MSL</subfield>
    <subfield code="c">GEN</subfield>
    <subfield code="d">2025-01-24</subfield>
    <subfield code="l">0</subfield>
    <subfield code="o">RA785 .S434 SEA</subfield>
    <subfield code="p">SLM00002338</subfield>
    <subfield code="r">2025-01-24 10:05:58</subfield>
    <subfield code="t">1</subfield>
    <subfield code="w">2025-01-24</subfield>
    <subfield code="y">BK</subfield>
  </datafield>
</record>
